000 02580nam a2200229Ia 4500
003 OSt
005 20250728125008.0
008 210210b1983 xxu||||| |||| 00| 0 eng d
040 _cAL
041 _aKannada
082 _a669.7 VENO
100 _aVENETSKY (S I).
_9220477
245 _aOn rare and scattered metals: tales about metals
260 _aMoscow.
_bMir Publishers.,
_c1983
300 _a151
520 _aFor ages have metals faithfully served humanity in all its endeavours to conquer the elements, unravel the mysteries of Nature and build powerful machines and installations. The world of metals is diverse and absorbing. The history of some of its representatives, notably, copper, iron, lead, mercury, gold, silver and tin dates thousands of years back. Others were discovered within just a few recent decades. The properties of metals are extremely varied. Mercury will not freeze even at below-zero temperatures, while tungsten will not be consumed by the hottest of flames. Lithium could make a fine swimmer, being half as heavy as water and unable to sink no matter how hard it would try: osmium is a heavy-weight champion among metals and, thrown into water, will hit the bottom faster than a stone. Silver “gladly” conducts electricity, while titanium has an aversion to this “pastime”: its electrical conductivity is only a 300 th part that of silver. We come across iron wherever we turn and holmium is found in such minute quantities in the earth’s crust that it is fabulously expensive: a grain of pure holmium is several hundred times more expensive than gold. But for all their differences, metals have one thing in common— they all belong to one large family. S. I. Venetsky’s Tales About Metals contains much information on the history of discovery of many metals and on their present and future uses. It was not the author’s idea to give any systematized account of every metal he tells about. The history of metals abounds in amazing incidents, at times romantic or humorous, at times tragic. And it is mostly this aspect that the author had in mind when he wrote his book. The book is intended for those who are ever curious, not only youngsters who are just discovering the world of science for themselves, but also those who have probably said goodbye to school and college, but still seize upon every opportunity to learn more about things around them.
650 _aRare Scattered Metals
_9220479
690 _aMetallurgy
_9220480
700 _a N G Kittell tr
_9220481
906 _a043722
942 _2ddc
_cBK
999 _c93435
_d93435